000 00588nam a2200241Ia 4500
003 OSt
005 20220918210648.0
006 a|||||r|||| 00| 0
007 ta
008 220917b |||||||| |||| 00| 0 eng d
024 _a121,440
037 _cTextual
040 _aARTS
_cARTS
_beng
041 _2eng
_aeng
082 _aV73:2:N5, J11
100 _aJohnson Claudius O
_9118943
245 0 _aGovernment in the U S
250 _a5th
260 _c1951
650 _aHISTORY
942 _hV73:2:N5, J11
_cTEXL
_2CC
999 _c244646
_d244646